00700 a2200181 4500020001600000040001300016082000800029100002200037245007500059260004400134300003700178500001900215650001800234942002100252999001500273952011500288952011500403 a 0078247845 aDLCbDLC a510 aCollins, William. aMathematics: Course 1, Applications and ConnectionscCollins, William aNew York:bMcGraw-Hill/Glencoe,c 2002. axxviii, 666 p. :bill. ;c27 cm. aIncludes Index a Mathematics. cBKk510 COL2ddc c7428d7428 001040708NFICaCLbCLcGENd2005-07-09eDonationg0.00l0o510 COLpSEECS005990r2012-11-14w2017-01-05yBK 001040708NFICaCLbCLcGENd2005-07-09eDonationg0.00l0o510 COLpSEECS005989r2012-11-14w2017-01-05yBK